书目信息 |
| 题名: |
颈椎病
|
|
| 作者: | 赵智 编著 ;董建伟 绘图 | |
| 分册: | ||
| 出版信息: | 北京 人民卫生出版社 2004 |
|
| 页数: | 95页 | |
| 开本: | 20cm | |
| 丛书名: | 家庭医生丛书 | |
| 单 册: | ||
| 中图分类: | R681.5 | |
| 科图分类: | ||
| 主题词: | 颈椎--脊椎病--防治 , 脊椎病 , 颈椎 | |
| 电子资源: | ||
| ISBN: | 7-117-05916-8 | |
| 000 | 00848oam2 2200277 450 | |
| 001 | 002640392 | |
| 005 | 20061122094359.67 | |
| 010 | @a7-117-05916-8@dCNY7.50 | |
| 100 | @a20040511d2004 em y0chiy0110 ea | |
| 101 | 0 | @achi |
| 102 | @aCN@b110000 | |
| 105 | @aa z 000yy | |
| 200 | 1 | @a颈椎病@9jing zhui bing@f赵智等编著@g董建伟绘图 |
| 210 | @a北京@c人民卫生出版社@d2004 | |
| 215 | @a95页@c插图@d20cm | |
| 225 | 2 | @a家庭医生丛书 |
| 330 | @a本书结合大量插图,介绍了颈椎病的解剖特点、病因及诱发因素、不同类型相关疾病的临床特点、诊断与诊断及治疗原则等。 | |
| 461 | 0 | @12001 @a家庭医生丛书 |
| 606 | 0 | @a颈椎@x脊椎病@x防治 |
| 606 | 0 | @a脊椎病 |
| 606 | 0 | @a颈椎 |
| 690 | @aR681.5@v4 | |
| 701 | 0 | @a赵智@9zhao zhi@c(医学)@4编著 |
| 702 | 0 | @a董建伟@9dong jian wei@c(绘画)@4绘图 |
| 801 | 0 | @aCN@bNLC@c20061122 |
| 905 | @a10447@dR681.5@e32 | |
| 颈椎病/赵智等编著/董建伟绘图.-北京:人民卫生出版社,2004 |
| 95页:插图;20cm.-(家庭医生丛书) |
| ISBN 7-117-05916-8:CNY7.50 |
| 本书结合大量插图,介绍了颈椎病的解剖特点、病因及诱发因素、不同类型相关疾病的临床特点、诊断与诊断及治疗原则等。 |
| ● |
| 相关链接 |
|
|
|
|
正题名:颈椎病
索取号:R681.5/32
 
预约/预借
| 序号 | 登录号 | 条形码 | 馆藏地/架位号 | 状态 | 备注 |
| 1 | 0394818 | 203948185 | 第二样本阅览室/ [索取号:R681.5/32] | 在馆 | |
| 2 | 0394819 | 203948194 | 第三借阅区/ [索取号:R681.5/32] | 在馆 | |
| 3 | 0394820 | 203948201 | 第三借阅区/ [索取号:R681.5/32] | 在馆 | |
| 4 | 0394821 | 203948210 | 第三借阅区/ [索取号:R681.5/32] | 在馆 | |
| 5 | 0394822 | 203948229 | 第三借阅区/ [索取号:R681.5/32] | 在馆 |